All time NBA colleges per player - Statistics

General Stats
  • This quiz has been taken 32 times
  • The average score is 37 of 60
Answer Stats
Answer % Correct
UCLA
93%
Duke
90%
Kansas
90%
Kentucky
90%
UNC
90%
Michigan
87%
Syracuse
87%
Arizona
83%
Florida
83%
Indiana State
83%
Michigan State
83%
Texas
83%
Villanova
83%
Alabama
80%
Davidson
80%
Ohio State
80%
Georgetown
77%
Iowa State
77%
Oklahoma State
77%
Arizona State
73%
Florida State
73%
Georgia
70%
Gonzaga
70%
Louisville
70%
San Diego State
70%
Houston
67%
Oregon
67%
Uconn
67%
Wake Forest
67%
California
63%
Marquette
63%
Navy
63%
Maryland
60%
Memphis
60%
Stanford
60%
USC
60%
Baylor
57%
LSU
57%
Rutgers
57%
UNLV
57%
Georgia Tech
53%
Missouri
53%
Texas A&M
53%
Washington
53%
Murray State
50%
North Carolina State
47%
Purdue
47%
Vanderbilt
47%
Butler
43%
Santa Clara
43%
Weber State
37%
Xavier
37%
Kansas State
33%
Lehigh
33%
Massachusetts
33%
DePaul
30%
Fresno State
27%
Virginia Union
23%
Idaho
20%
Toledo
7%
No matching quizzes found
Score Distribution
Percent of People with Each Score
Percentile by Number Answered
Your Score History
You have not taken this quiz